[Event "18. Obert Int. Sant Marti 2016"]
[Site "Barcelona ESP"]
[Date "2016.07.13"]
[Round "1.23"]
[White "Valdes Romero, Leonardo"]
[Black "Dahale, Atul"]
[Result "1/2-1/2"]
[WhiteElo "2411"]
[BlackElo "2079"]
[PlyCount "168"]
[EventDate "2016.07.13"]
[EventType "swiss"]
[EventRounds "9"]
[EventCountry "ESP"]
[SourceTitle "Ajedrez en Madrid"]
[Source "lmi"]
[SourceDate "2016.07.13"]
[SourceVersion "1"]
[SourceVersionDate "2019.06.21"]
[SourceQuality "1"]

1. Nf3 Nf6 2. c4 e6 3. g3 b6 4. Bg2 Bb7 5. O-O Be7 6. d4 O-O 7. Nc3 Ne4 8. Nxe4
Bxe4 9. Nh4 Bxg2 10. Nxg2 f5 11. e4 fxe4 12. Qg4 Bf6 13. Qxe4 Nc6 14. Be3 Qe7
15. Rad1 Kh8 16. Nf4 Qf7 17. b3 e5 18. dxe5 Nxe5 19. Nd3 Nxd3 20. Rxd3 d6 21.
Qc6 a5 22. Rd5 Rae8 23. Rf5 Qg6 24. Qf3 Be7 25. Rxf8+ Rxf8 26. Qc6 Bd8 27. Bd4
Qe8 28. Qb7 Qe2 29. Qc8 Kg8 30. Qd7 Qe7 31. Qg4 Qf7 32. Qe4 Qf3 33. Qe6+ Qf7
34. Qe2 Qf3 35. Qe6+ Qf7 36. Qg4 Bf6 37. Be3 Bc3 38. Rd1 Qf5 39. Qe2 Re8 40. a3
Bf6 41. Qd2 h5 42. a4 h4 43. Qd5+ Qxd5 44. Rxd5 hxg3 45. hxg3 Kf7 46. Kg2 Re5
47. Rd1 Bg5 48. Bxg5 Rxg5 49. f4 Rh5 50. g4 Rh8 51. Re1 g6 52. Kg3 Rd8 53. Rh1
Kg7 54. Kf3 d5 55. cxd5 Rxd5 56. Ke4 Rd2 57. Rh3 Re2+ 58. Re3 Rxe3+ 59. Kxe3
Kf6 60. Kd4 c6 61. Kc4 Ke6 62. Kd4 Kf6 63. Kd3 Ke7 64. Ke3 Kf7 65. Kd3 Ke7 66.
Ke4 Kf6 67. Kd4 Ke6 68. Kc4 Kd6 69. Kd4 Ke6 70. Ke4 Kf6 71. f5 gxf5+ 72. gxf5
b5 73. Kf4 bxa4 74. bxa4 c5 75. Ke4 c4 76. Kd4 c3 77. Kxc3 Kxf5 78. Kc4 Ke6 79.
Kb5 Kd5 80. Kxa5 Kc5 81. Ka6 Kc6 82. Ka7 Kc7 83. a5 Kc8 84. Kb6 Kb8 1/2-1/2

[Event "18. Obert Int. Sant Marti 2016"]
[Site "Barcelona ESP"]
[Date "2016.07.13"]
[Round "1.24"]
[White "Jove Grau, Lluis"]
[Black "Cruz, Filemon"]
[Result "0-1"]
[WhiteElo "2077"]
[BlackElo "2407"]
[PlyCount "88"]
[EventDate "2016.07.13"]
[EventType "swiss"]
[EventRounds "9"]
[EventCountry "ESP"]
[SourceTitle "Ajedrez en Madrid"]
[Source "lmi"]
[SourceDate "2016.07.13"]
[SourceVersion "1"]
[SourceVersionDate "2019.06.21"]
[SourceQuality "1"]

1. Nf3 c5 2. e4 e6 3. d4 cxd4 4. Nxd4 a6 5. c4 Nf6 6. Bd3 Nc6 7. Nxc6 dxc6 8.
O-O e5 9. Nc3 Bc5 10. h3 Qe7 11. Qe2 Be6 12. Na4 Bd4 13. Be3 b5 14. Nc3 Qc5 15.
cxb5 Bxe3 16. fxe3 axb5 17. Rac1 Qb6 18. a4 bxa4 19. Nd1 O-O 20. Qc2 Rfc8 21.
Bc4 Bxc4 22. Qxc4 a3 23. bxa3 Rxa3 24. Rf3 h6 25. Nc3 Rd8 26. Rcf1 Qb3 27. Qxb3
Rxb3 28. Ne2 Nxe4 29. Rxf7 Rb2 30. Rc7 Nf6 31. Nc3 Rdd2 32. Rxf6 Rxg2+ 33. Kf1
Rgc2 34. Nd1 gxf6 35. Nxb2 Rxb2 36. Rxc6 Kg7 37. Rc4 h5 38. h4 Kg6 39. Ra4 Kf5
40. Rc4 e4 41. Ra4 Rh2 42. Ra5+ Kg4 43. Kg1 Rh3 44. Kf2 Rf3+ 0-1

[Event "18. Obert Int. Sant Marti 2016"]
[Site "Barcelona ESP"]
[Date "2016.07.13"]
[Round "1.26"]
[White "Rueda Marquez, David J."]
[Black "Anurag, Mhamal"]
[Result "1/2-1/2"]
[WhiteElo "2066"]
[BlackElo "2392"]
[PlyCount "106"]
[EventDate "2016.07.13"]
[EventType "swiss"]
[EventRounds "9"]
[EventCountry "ESP"]
[SourceTitle "Ajedrez en Madrid"]
[Source "lmi"]
[SourceDate "2016.07.13"]
[SourceVersion "1"]
[SourceVersionDate "2019.06.21"]
[SourceQuality "1"]

1. e4 c5 2. Nf3 e6 3. d4 cxd4 4. Nxd4 a6 5. c4 b6 6. Nc3 Bb7 7. Be3 d6 8. Be2
Nf6 9. f3 Be7 10. O-O O-O 11. Qd2 Nbd7 12. Rac1 Rc8 13. a3 Qc7 14. b4 Qb8 15.
Nb3 Bd8 16. Rfd1 Bc7 17. Bf4 Ne5 18. Bxe5 dxe5 19. c5 bxc5 20. Nxc5 a5 21. Kh1
axb4 22. axb4 Rcd8 23. Qa2 Bc8 24. b5 Bd6 25. N3a4 h5 26. g3 Kh7 27. Qb3 h4 28.
Kg2 hxg3 29. hxg3 g5 30. g4 Kg6 31. b6 Bb7 32. Ba6 Bxc5 33. Nxc5 Rxd1 34. Rxd1
Bc6 35. b7 Qc7 36. Qb4 Rh8 37. Rh1 Rb8 38. Kg3 Qd6 39. Rb1 Nd5 40. exd5 e4+ 41.
Kg2 exf3+ 42. Kxf3 Bxd5+ 43. Ke3 Qg3+ 44. Kd2 Qf2+ 45. Kc3 e5 46. Bd3+ Kg7 47.
Ne4 Qe3 48. Qb6 Qxb6 49. Rxb6 Rxb7 50. Rxb7 Bxb7 51. Nxg5 Bc8 52. Be2 f5 53.
gxf5 Bxf5 1/2-1/2

[Event "18. Obert Int. Sant Marti 2016"]
[Site "Barcelona ESP"]
[Date "2016.07.13"]
[Round "1.27"]
[White "Vassallo Barroche, Mauricio"]
[Black "Prieto, Ernesto"]
[Result "0-1"]
[WhiteElo "2389"]
[BlackElo "2064"]
[PlyCount "68"]
[EventDate "2016.07.13"]
[EventType "swiss"]
[EventRounds "9"]
[EventCountry "ESP"]
[SourceTitle "Ajedrez en Madrid"]
[Source "lmi"]
[SourceDate "2016.07.13"]
[SourceVersion "1"]
[SourceVersionDate "2019.06.21"]
[SourceQuality "1"]

1. d4 Nf6 2. Nf3 g6 3. g3 Bg7 4. Bg2 O-O 5. O-O d5 6. c4 c6 7. b3 Nbd7 8. Bb2
Ne4 9. e3 Re8 10. Qe2 e6 11. a4 b6 12. a5 bxa5 13. Nc3 Rb8 14. Nxe4 dxe4 15.
Nd2 Nc5 16. Bc3 Nb7 17. Nxe4 f5 18. Nd2 c5 19. Nf3 Bd7 20. Rfd1 Qc8 21. Qc2
cxd4 22. Bxd4 e5 23. Bc3 Bc6 24. h4 Be4 25. Qe2 Nc5 26. Rxa5 Rxb3 27. Ba1 Qc6
28. Rxa7 Rb7 29. Rxb7 Qxb7 30. Ne1 Ra8 31. Bxe4 fxe4 32. Bc3 Qb3 33. Qd2 Nd3
34. c5 Ra2 0-1

[Event "18. Obert Int. Sant Marti 2016"]
[Site "Barcelona ESP"]
[Date "2016.07.13"]
[Round "1.28"]
[White "Masferrer Niubo, Enric"]
[Black "Himanshu, Sharma"]
[Result "0-1"]
[WhiteElo "2054"]
[BlackElo "2389"]
[PlyCount "96"]
[EventDate "2016.07.13"]
[EventType "swiss"]
[EventRounds "9"]
[EventCountry "ESP"]
[SourceTitle "Ajedrez en Madrid"]
[Source "lmi"]
[SourceDate "2016.07.13"]
[SourceVersion "1"]
[SourceVersionDate "2019.06.21"]
[SourceQuality "1"]

1. e4 g6 2. d4 Bg7 3. g3 d5 4. e5 c5 5. c3 Nc6 6. Be3 Nh6 7. Bg2 Nf5 8. Ne2 O-O
9. O-O e6 10. a3 cxd4 11. cxd4 f6 12. exf6 Qxf6 13. Nbc3 Kh8 14. Bh3 Ncxd4 15.
Nxd4 Nxd4 16. Bxd4 Qxd4 17. Qxd4 Bxd4 18. Nb5 Bxb2 19. Rab1 Bf6 20. Nd6 b6 21.
Rfc1 Be7 22. Nxc8 Raxc8 23. Bxe6 Rc5 24. Rxc5 Bxc5 25. Bxd5 Rxf2 26. Kh1 Rd2
27. Bb3 Kg7 28. a4 h5 29. Rd1 Rb2 30. Bc4 Kf6 31. Re1 g5 32. Re2 Rb4 33. Bb5
Rb1+ 34. Kg2 Rg1+ 35. Kf3 g4+ 36. Kf4 Rd1 37. Be8 Rd4+ 38. Re4 Rxe4+ 39. Kxe4
Kg5 40. Bd7 Bg1 41. h4+ Kg6 42. Be8+ Kh6 43. Bb5 Bf2 44. Kf4 a5 45. Bd7 b5 46.
axb5 Bb6 47. Be6 Bc7+ 48. Ke4 Bxg3 0-1

[Event "18. Obert Int. Sant Marti 2016"]
[Site "Barcelona ESP"]
[Date "2016.07.13"]
[Round "1.29"]
[White "Meneses Gonzalez, Kevin Moises"]
[Black "Guix Torres, David"]
[Result "1-0"]
[WhiteElo "2379"]
[BlackElo "2052"]
[PlyCount "117"]
[EventDate "2016.07.13"]
[EventType "swiss"]
[EventRounds "9"]
[EventCountry "ESP"]
[SourceTitle "Ajedrez en Madrid"]
[Source "lmi"]
[SourceDate "2016.07.13"]
[SourceVersion "1"]
[SourceVersionDate "2019.06.21"]
[SourceQuality "1"]

1. e4 c5 2. Nf3 d6 3. d4 cxd4 4. Nxd4 Nf6 5. Nc3 g6 6. Be3 Bg7 7. f3 O-O 8. Qd2
Nc6 9. O-O-O Nxd4 10. Bxd4 Be6 11. g4 Qa5 12. a3 Rfc8 13. h4 Rab8 14. h5 b5 15.
h6 Bh8 16. Nd5 Qxd2+ 17. Rxd2 Nxd5 18. exd5 Bxd4 19. Rxd4 Bd7 20. Bd3 Rc7 21.
Kd2 Rb6 22. g5 Kf8 23. f4 e6 24. dxe6 Bxe6 25. Rf1 Bc4 26. f5 gxf5 27. Rxf5
Bxd3 28. Kxd3 Rc5 29. g6 hxg6 30. h7 Kg7 31. Rxf7+ Kh8 32. Re4 Re5 33. Rxa7 g5
34. c3 Rc6 35. Rb7 Rcc5 36. Rd4 Rcd5 37. Rxd5 Rxd5+ 38. Ke4 Re5+ 39. Kf3 Rc5
40. Kg4 d5 41. Kh5 d4 42. cxd4 Rd5 43. Kh6 Rd6+ 44. Kxg5 Rxd4 45. Rxb5 Kxh7 46.
b4 Kg7 47. Kf5 Kf7 48. Ke5 Rd3 49. a4 Ke7 50. a5 Ra3 51. Rb7+ Kd8 52. Kd6 Kc8
53. Rh7 Kb8 54. Kc6 Rg3 55. a6 Rg6+ 56. Kb5 Rg1 57. Ka5 Rg5+ 58. b5 Rg6 59.
Rh8+ 1-0

[Event "18. Obert Int. Sant Marti 2016"]
[Site "Barcelona ESP"]
[Date "2016.07.13"]
[Round "1.30"]
[White "Asensio Linan, Teodoro"]
[Black "Rathanvel, V S."]
[Result "0-1"]
[WhiteElo "2050"]
[BlackElo "2374"]
[PlyCount "66"]
[EventDate "2016.07.13"]
[EventType "swiss"]
[EventRounds "9"]
[EventCountry "ESP"]
[SourceTitle "Ajedrez en Madrid"]
[Source "lmi"]
[SourceDate "2016.07.13"]
[SourceVersion "1"]
[SourceVersionDate "2019.06.21"]
[SourceQuality "1"]

1. e4 c5 2. Nf3 d6 3. Bc4 e6 4. O-O Be7 5. c3 Nf6 6. Re1 O-O 7. Bb3 b5 8. a4
Bb7 9. Bc2 a6 10. axb5 axb5 11. Rxa8 Bxa8 12. d4 cxd4 13. Nxd4 Qb6 14. Qd3 b4
15. cxb4 Qxb4 16. Bd2 Qxb2 17. Bb3 Qa1 18. Nc3 Qa6 19. Qh3 Nc6 20. Ndb5 Ne5 21.
Rc1 Bc6 22. Nd4 Bd7 23. Bd1 Rc8 24. Be2 Qb6 25. Nc2 Nc4 26. Bxc4 Rxc4 27. Qd3
Rc8 28. Bg5 h6 29. Bh4 Qb2 30. Ne2 Bb5 31. Qd4 Rxc2 32. Qxb2 Rxb2 33. Nd4 g5
0-1

[Event "18. Obert Int. Sant Marti 2016"]
[Site "Barcelona ESP"]
[Date "2016.07.13"]
[Round "1.31"]
[White "Perpinya Rofes, Lluis Maria"]
[Black "Scalzi Evans, Federico"]
[Result "1-0"]
[WhiteElo "2373"]
[BlackElo "2050"]
[PlyCount "41"]
[EventDate "2016.07.13"]
[EventType "swiss"]
[EventRounds "9"]
[EventCountry "ESP"]
[SourceTitle "Ajedrez en Madrid"]
[Source "lmi"]
[SourceDate "2016.07.13"]
[SourceVersion "1"]
[SourceVersionDate "2019.06.21"]
[SourceQuality "1"]

1. e4 e6 2. d4 d5 3. Nc3 Bb4 4. Nge2 dxe4 5. a3 Be7 6. g4 Nf6 7. g5 e3 8. gxf6
exf2+ 9. Kxf2 Bxf6 10. Bg2 Bh4+ 11. Ng3 Nc6 12. Be3 f5 13. Rf1 Bd7 14. Kg1 Qe7
15. d5 Ne5 16. dxe6 Bxg3 17. exd7+ Nxd7 18. Nd5 Bxh2+ 19. Kxh2 Qh4+ 20. Kg1
O-O-O 21. Qd4 1-0

[Event "18. Obert Int. Sant Marti 2016"]
[Site "Barcelona ESP"]
[Date "2016.07.13"]
[Round "1.32"]
[White "Dardha, Daniel"]
[Black "Lorenzo De La Riva, Lazaro"]
[Result "0-1"]
[WhiteElo "2035"]
[BlackElo "2370"]
[PlyCount "108"]
[EventDate "2016.07.13"]
[EventType "swiss"]
[EventRounds "9"]
[EventCountry "ESP"]
[SourceTitle "Ajedrez en Madrid"]
[Source "lmi"]
[SourceDate "2016.07.13"]
[SourceVersion "1"]
[SourceVersionDate "2019.06.21"]
[SourceQuality "1"]

1. d4 Nf6 2. c4 c5 3. Nf3 cxd4 4. Nxd4 b6 5. Nc3 Bb7 6. f3 e6 7. e4 d6 8. Be2
Be7 9. O-O a6 10. b3 O-O 11. Bb2 Nbd7 12. Kh1 Rc8 13. Nc2 Qc7 14. Ne3 Qb8 15.
Qe1 Rfe8 16. Rd1 Bc6 17. a4 Nc5 18. Qg3 g6 19. b4 Nxa4 20. Nxa4 Bxa4 21. Ra1 b5
22. Ng4 Nxg4 23. fxg4 e5 24. Qh3 Rf8 25. Qh6 f6 26. g5 fxg5 27. Bg4 Rxf1+ 28.
Rxf1 Rf8 29. Be6+ Kh8 30. Rxf8+ Bxf8 31. Qxg5 bxc4 32. Bxc4 Bb5 33. Bd5 Bg7 34.
Qe7 Qf8 35. Qxf8+ Bxf8 36. Bc1 h6 37. h3 Kg7 38. Kg1 Be7 39. Kf2 Bd8 40. Bd2
Bb6+ 41. Be3 Bd8 42. Bd2 h5 43. g3 h4 44. g4 Bb6+ 45. Be3 Bxe3+ 46. Kxe3 Kf6
47. Kf2 g5 48. Bb3 Ke7 49. Bd1 Kd7 50. Be2 Kc6 51. Bd1 Bc4 52. Ba4+ Kb6 53. Kf3
Bf1 54. Bd1 Kb5 0-1

[Event "18. Obert Int. Sant Marti 2016"]
[Site "Barcelona ESP"]
[Date "2016.07.13"]
[Round "1.33"]
[White "Liu, Chang"]
[Black "Likhit, Chilukuri"]
[Result "1-0"]
[WhiteElo "2361"]
[BlackElo "2030"]
[PlyCount "87"]
[EventDate "2016.07.13"]
[EventType "swiss"]
[EventRounds "9"]
[EventCountry "ESP"]
[SourceTitle "Ajedrez en Madrid"]
[Source "lmi"]
[SourceDate "2016.07.13"]
[SourceVersion "1"]
[SourceVersionDate "2019.06.21"]
[SourceQuality "1"]

1. e4 e6 2. Qe2 c5 3. Nf3 Nc6 4. g3 g6 5. Bg2 Bg7 6. O-O d6 7. c3 Nge7 8. Rd1
e5 9. Na3 O-O 10. Nc2 f5 11. d3 h6 12. b4 cxb4 13. cxb4 a6 14. Bb2 Be6 15. a3
Rc8 16. Rac1 Qd7 17. Ne3 b5 18. Nd2 Bf7 19. Nf3 Rc7 20. h4 Rfc8 21. Qd2 Bb3 22.
Re1 Nd4 23. Rxc7 Rxc7 24. Bxd4 exd4 25. Nf1 Rc3 26. h5 Rc2 27. Qd1 Rc3 28. Qe2
g5 29. exf5 Nxf5 30. g4 Nh4 31. Nxh4 gxh4 32. Nd2 Bf7 33. Ne4 Rc8 34. Bf3 Qe7
35. Kf1 Re8 36. Qd1 Qe5 37. Nd2 Qxe1+ 38. Qxe1 Rxe1+ 39. Kxe1 Be5 40. Bb7 Be6
41. Bxa6 h3 42. Kf1 Bf4 43. Ne4 Bxg4 44. Nf6+ 1-0

[Event "18. Obert Int. Sant Marti 2016"]
[Site "Barcelona ESP"]
[Date "2016.07.13"]
[Round "1.35"]
[White "Dardha, Arben"]
[Black "Bielecki, Pawel"]
[Result "1/2-1/2"]
[WhiteElo "2330"]
[BlackElo "2023"]
[PlyCount "75"]
[EventDate "2016.07.13"]
[EventType "swiss"]
[EventRounds "9"]
[EventCountry "ESP"]
[SourceTitle "Ajedrez en Madrid"]
[Source "lmi"]
[SourceDate "2016.07.13"]
[SourceVersion "1"]
[SourceVersionDate "2019.06.21"]
[SourceQuality "1"]

1. e4 c5 2. Nf3 e6 3. d4 cxd4 4. Nxd4 a6 5. c4 Nf6 6. Nc3 Qc7 7. Be3 Bb4 8. Qd3
Nc6 9. Nxc6 dxc6 10. a3 Be7 11. Be2 e5 12. O-O Be6 13. Rac1 O-O 14. Nd5 Nxd5
15. cxd5 Bc8 16. dxc6 bxc6 17. Qc3 Bd7 18. b4 Rfb8 19. Rfd1 Be8 20. Bc5 Rb7 21.
Bxe7 Qxe7 22. Qc5 Qxc5 23. Rxc5 f6 24. g3 Kf8 25. f3 g5 26. f4 gxf4 27. gxf4
exf4 28. Kf2 Re7 29. Kf3 Bg6 30. Rd4 Rae8 31. Bd3 Re5 32. Rxc6 a5 33. b5 Kg7
34. Kxf4 Rh5 35. b6 Rxh2 36. b7 Rb2 37. Rd7+ Kh6 38. Rxf6 1/2-1/2

[Event "18. Obert Int. Sant Marti 2016"]
[Site "Barcelona ESP"]
[Date "2016.07.13"]
[Round "1.37"]
[White "Lillo Castany, Victor"]
[Black "Ojas, Kulkarni"]
[Result "1/2-1/2"]
[WhiteElo "2312"]
[BlackElo "2006"]
[PlyCount "62"]
[EventDate "2016.07.13"]
[EventType "swiss"]
[EventRounds "9"]
[EventCountry "ESP"]
[SourceTitle "Ajedrez en Madrid"]
[Source "lmi"]
[SourceDate "2016.07.13"]
[SourceVersion "1"]
[SourceVersionDate "2019.06.21"]
[SourceQuality "1"]

1. e4 e5 2. Nf3 Nc6 3. Bc4 Bc5 4. c3 Nf6 5. d3 a6 6. Nbd2 d6 7. Bb3 O-O 8. O-O
h6 9. h3 Be6 10. Re1 Re8 11. Nf1 d5 12. exd5 Bxd5 13. Be3 Bxe3 14. Rxe3 Qd7 15.
Ba4 b5 16. Bc2 Rad8 17. Qe2 Nh5 18. Re1 Nf4 19. Qd1 g5 20. Ng3 f6 21. Ne4 Bxe4
22. dxe4 Qxd1 23. Rxd1 Rxd1+ 24. Bxd1 Rd8 25. Bc2 Na5 26. Re1 Kf8 27. a4 Nc4
28. axb5 axb5 29. Ra1 Nxb2 30. Rb1 Na4 31. Rxb5 Nxc3 1/2-1/2

[Event "18. Obert Int. Sant Marti 2016"]
[Site "Barcelona ESP"]
[Date "2016.07.13"]
[Round "1.38"]
[White "Gaikwad, Siddhant"]
[Black "Teichmann, Erik O M C"]
[Result "1/2-1/2"]
[WhiteElo "2003"]
[BlackElo "2312"]
[PlyCount "134"]
[EventDate "2016.07.13"]
[EventType "swiss"]
[EventRounds "9"]
[EventCountry "ESP"]
[SourceTitle "Ajedrez en Madrid"]
[Source "lmi"]
[SourceDate "2016.07.13"]
[SourceVersion "1"]
[SourceVersionDate "2019.06.21"]
[SourceQuality "1"]

1. e4 Nc6 2. d4 e5 3. Nf3 exd4 4. Bc4 Bc5 5. c3 d3 6. O-O d6 7. b4 Bb6 8. h3
Nge7 9. a4 a6 10. Bxd3 Ng6 11. Na3 Nce5 12. Nc4 Nxc4 13. Bxc4 O-O 14. Qb3 h6
15. Ra2 Qf6 16. Be2 Bd7 17. c4 Nf4 18. Bxf4 Qxf4 19. Qd3 Bc6 20. Nd2 Rae8 21.
Bf3 a5 22. b5 Bd7 23. Nb3 Bxh3 24. Qd2 Qxd2 25. Rxd2 Be6 26. Rc1 Bc8 27. c5
dxc5 28. Nxc5 Rd8 29. Rdc2 Rfe8 30. Nb3 g5 31. g4 Rd3 32. Nd2 Bxg4 33. Bxg4
Rg3+ 34. Kh2 Rxg4 35. f3 Rf4 36. Kg3 Rd8 37. Nc4 Rd3 38. Ne5 Rd4 39. Rh1 Kg7
40. Rch2 Rh4 41. Rxh4 gxh4+ 42. Rxh4 Rxa4 43. Ng4 Ra1 44. Nxh6 Kf6 45. Kf4 Ke6
46. Nf5 a4 47. Rh6+ Kd7 48. Rh7 a3 49. Rxf7+ Ke8 50. Re7+ Kd8 51. Ke5 Rh1 52.
Ke6 Rh8 53. Rd7+ Kc8 54. Rd2 Bc5 55. e5 b6 56. f4 Kb7 57. Kf7 Ra8 58. Ra2 Ra4
59. e6 Rxf4 60. Kf6 Bb4 61. Ke5 Rf1 62. e7 Re1+ 63. Kf6 c6 64. Kf7 Bxe7 65.
Nxe7 cxb5 66. Rxa3 Kc7 67. Rc3+ Kb7 1/2-1/2

[Event "18. Obert Int. Sant Marti 2016"]
[Site "Barcelona ESP"]
[Date "2016.07.13"]
[Round "1.40"]
[White "Castillo Dalmau, Albert"]
[Black "Uribe Arteaga, Daniel"]
[Result "0-1"]
[WhiteElo "1998"]
[BlackElo "2304"]
[PlyCount "82"]
[EventDate "2016.07.13"]
[EventType "swiss"]
[EventRounds "9"]
[EventCountry "ESP"]
[SourceTitle "Ajedrez en Madrid"]
[Source "lmi"]
[SourceDate "2016.07.13"]
[SourceVersion "1"]
[SourceVersionDate "2019.06.21"]
[SourceQuality "1"]

1. c4 c5 2. g3 Nc6 3. Bg2 g6 4. Nc3 Bg7 5. Nf3 d6 6. O-O Bd7 7. a3 Qc8 8. Rb1
h5 9. h4 Bh3 10. Nd5 Bxg2 11. Kxg2 e6 12. Nc3 Nge7 13. b4 O-O 14. Ne4 Nd4 15.
Nxd6 Qc6 16. bxc5 Nxf3 17. exf3 Qxc5 18. Nxb7 Qxc4 19. Qb3 Rfc8 20. Qxc4 Rxc4
21. Bb2 Rc2 22. Bxg7 Kxg7 23. Rfd1 Nf5 24. a4 Rac8 25. Na5 Ra2 26. Rb7 a6 27.
Ra7 Rxa4 28. Rxa6 Nd4 29. Ra7 Nb5 30. Ra6 Rc7 31. Rb1 Nd4 32. Rd6 Nf5 33. Ra6
Rd7 34. Rbb6 Rxd2 35. Nc6 Rc4 36. g4 hxg4 37. fxg4 Rxg4+ 38. Kf3 Rxh4 39. Ne5
Rh2 40. Ng4 Rh3+ 41. Kg2 Rg3+ 0-1

[Event "18. Obert Int. Sant Marti 2016"]
[Site "Barcelona ESP"]
[Date "2016.07.13"]
[Round "1.42"]
[White "Magallanes, Gustavo"]
[Black "Vehi Bach, Victor Manuel"]
[Result "0-1"]
[WhiteElo "1989"]
[BlackElo "2298"]
[PlyCount "74"]
[EventDate "2016.07.13"]
[EventType "swiss"]
[EventRounds "9"]
[EventCountry "ESP"]
[SourceTitle "Ajedrez en Madrid"]
[Source "lmi"]
[SourceDate "2016.07.13"]
[SourceVersion "1"]
[SourceVersionDate "2019.06.21"]
[SourceQuality "1"]

1. e4 c5 2. Nf3 e6 3. c3 Nf6 4. e5 Nd5 5. Bc4 b6 6. d4 Bb7 7. O-O Be7 8. Qe2
O-O 9. Rd1 cxd4 10. cxd4 d6 11. Nc3 dxe5 12. Bxd5 exd5 13. Nxe5 Na6 14. f4 Nc7
15. Be3 f6 16. Nf3 Qd7 17. Rac1 Bd6 18. Qf2 Rae8 19. Re1 Nb5 20. a3 Bb8 21. Qe2
Nxc3 22. Rxc3 Bxf4 23. Qd2 Bd6 24. Bf4 Rxe1+ 25. Nxe1 Re8 26. Nf3 Ba6 27. Bxd6
Qxd6 28. Re3 Re4 29. b4 h6 30. h3 Qc7 31. Rc3 Bc4 32. Qf2 Qf4 33. Rc2 b5 34. a4
bxa4 35. Nd2 Qxf2+ 36. Kxf2 Re2+ 37. Kf3 a3 0-1

[Event "18. Obert Int. Sant Marti 2016"]
[Site "Barcelona ESP"]
[Date "2016.07.13"]
[Round "1.43"]
[White "Dalo, Hermes"]
[Black "Perez Garcia, Adria"]
[Result "1/2-1/2"]
[WhiteElo "2282"]
[BlackElo "1984"]
[PlyCount "104"]
[EventDate "2016.07.13"]
[EventType "swiss"]
[EventRounds "9"]
[EventCountry "ESP"]
[SourceTitle "Ajedrez en Madrid"]
[Source "lmi"]
[SourceDate "2016.07.13"]
[SourceVersion "1"]
[SourceVersionDate "2019.06.21"]
[SourceQuality "1"]

1. d4 Nf6 2. c4 e6 3. Nc3 Bb4 4. e3 O-O 5. Bd3 d5 6. Nf3 c5 7. O-O b6 8. a3
Bxc3 9. bxc3 dxc4 10. Bxc4 Nbd7 11. Qe2 Bb7 12. Rd1 Qc7 13. Bb3 Rac8 14. Bb2 c4
15. Bc2 Ne4 16. Ne1 f5 17. f3 Nd6 18. a4 Rf6 19. e4 fxe4 20. fxe4 e5 21. Nf3
Re8 22. d5 Bc8 23. Rf1 Nc5 24. h3 Nb3 25. Ra3 Bd7 26. Bxb3 cxb3 27. Rxb3 Bxa4
28. Rb4 Qc5+ 29. Qf2 Qxf2+ 30. Rxf2 b5 31. Ba3 a5 32. Rxa4 bxa4 33. Bxd6 Rxd6
34. Ra2 Rc8 35. Rxa4 Rxc3 36. Rxa5 Rc8 37. Nxe5 Rb6 38. Nc6 Rbxc6 39. dxc6 Rxc6
40. Rf5 Re6 41. Rf4 g5 42. Rg4 Kf7 43. h4 h6 44. hxg5 hxg5 45. Kf2 Kg6 46. Ke3
Ra6 47. Rg3 Ra3+ 48. Kf2 Ra2+ 49. Kf3 Ra3+ 50. Kg4 Ra2 51. Kf3 Ra3+ 52. Kg4 Ra2
1/2-1/2

[Event "18. Obert Int. Sant Marti 2016"]
[Site "Barcelona ESP"]
[Date "2016.07.13"]
[Round "1.44"]
[White "Mulay, Pratik"]
[Black "Prince, Bajaj"]
[Result "0-1"]
[WhiteElo "1983"]
[BlackElo "2279"]
[PlyCount "56"]
[EventDate "2016.07.13"]
[EventType "swiss"]
[EventRounds "9"]
[EventCountry "ESP"]
[SourceTitle "Ajedrez en Madrid"]
[Source "lmi"]
[SourceDate "2016.07.13"]
[SourceVersion "1"]
[SourceVersionDate "2019.06.21"]
[SourceQuality "1"]

1. e4 c5 2. Nc3 a6 3. f4 b5 4. g3 Bb7 5. Bg2 e6 6. d3 Nf6 7. Qe2 Nc6 8. Nf3 Nd4
9. Nxd4 cxd4 10. Nd1 Rc8 11. O-O Qb6 12. Nf2 Be7 13. g4 h6 14. b3 Qc7 15. Bd2
O-O 16. h4 Qxc2 17. g5 hxg5 18. hxg5 Nh5 19. Qxh5 Qxd2 20. Ng4 Rc2 21. Rf2 Qxd3
22. Ne5 Qe3 23. Ng4 Rxf2 24. Nxe3 dxe3 25. Re1 Rxf4 26. Kh1 Bxe4 27. Bxe4 Rxe4
28. Kg2 Re5 0-1

[Event "18. Obert Int. Sant Marti 2016"]
[Site "Barcelona ESP"]
[Date "2016.07.13"]
[Round "1.45"]
[White "Garcia Trobat, Francisco"]
[Black "Suasnabar, Jesus"]
[Result "1-0"]
[WhiteElo "2269"]
[BlackElo "1982"]
[PlyCount "55"]
[EventDate "2016.07.13"]
[EventType "swiss"]
[EventRounds "9"]
[EventCountry "ESP"]
[SourceTitle "Ajedrez en Madrid"]
[Source "lmi"]
[SourceDate "2016.07.13"]
[SourceVersion "1"]
[SourceVersionDate "2019.06.21"]
[SourceQuality "1"]

1. Nf3 c5 2. c4 Nf6 3. Nc3 e6 4. g3 Nc6 5. Bg2 Be7 6. O-O O-O 7. d4 cxd4 8.
Nxd4 a6 9. b3 Qc7 10. Bb2 d6 11. Rc1 Nxd4 12. Qxd4 Bd7 13. Rfd1 Rfd8 14. h3
Rac8 15. g4 h6 16. Qe3 Qb8 17. g5 hxg5 18. Qxg5 Rc5 19. Nd5 exd5 20. Bxd5 Rdc8
21. Kh1 Rxd5 22. Rxd5 Kf8 23. Rg1 Bc6 24. Qxg7+ Ke8 25. Bxf6 Bxd5+ 26. cxd5 Qc7
27. Qg8+ Bf8 28. Rg3 1-0

[Event "18. Obert Int. Sant Marti 2016"]
[Site "Barcelona ESP"]
[Date "2016.07.13"]
[Round "1.46"]
[White "Noordhoek, Henk"]
[Black "Ramirez Garcia, Jorge Alberto"]
[Result "1/2-1/2"]
[WhiteElo "1976"]
[BlackElo "2264"]
[PlyCount "127"]
[EventDate "2016.07.13"]
[EventType "swiss"]
[EventRounds "9"]
[EventCountry "ESP"]
[SourceTitle "Ajedrez en Madrid"]
[Source "lmi"]
[SourceDate "2016.07.13"]
[SourceVersion "1"]
[SourceVersionDate "2019.06.21"]
[SourceQuality "1"]

1. e4 c5 2. Nf3 Nc6 3. Bb5 d6 4. O-O Bd7 5. Re1 a6 6. Bf1 Nf6 7. c3 e5 8. d4
cxd4 9. cxd4 Bg4 10. d5 Nd4 11. Be2 Nxe2+ 12. Qxe2 Be7 13. Nc3 O-O 14. a4 Rc8
15. Bd2 Nd7 16. h3 Bxf3 17. Qxf3 Bg5 18. Bxg5 Qxg5 19. Qe3 Qxe3 20. Rxe3 f5 21.
exf5 Rxf5 22. Ne4 Rc2 23. Rc3 Rxb2 24. Rc8+ Rf8 25. Rxf8+ Kxf8 26. Nxd6 Ke7 27.
Nf5+ Kf6 28. g4 Nc5 29. Re1 g6 30. Ne3 Rb4 31. Rc1 Nd7 32. Rc7 Ke7 33. a5 Kd8
34. d6 Rb5 35. Kg2 Rxa5 36. Rxb7 Rb5 37. Ra7 Rb6 38. Ra8+ Nb8 39. Nc4 Rb5 40.
Nxe5 Rxe5 41. Rxb8+ Kd7 42. Rb7+ Kxd6 43. Rb6+ Kd5 44. Rxa6 Re7 45. Kg3 Ke5 46.
h4 Rb7 47. f3 Rd7 48. f4+ Ke4 49. Re6+ Kd5 50. Re3 Rf7 51. h5 Kd6 52. hxg6 hxg6
53. Ra3 Rg7 54. Ra5 Ke6 55. Kh4 Rb7 56. Kg5 Kf7 57. Re5 Kg7 58. Ra5 Rc7 59. Ra6
Rc5+ 60. f5 gxf5 61. Ra7+ Kf8 62. gxf5 Rc6 63. Rb7 Ra6 64. Rc7 1/2-1/2